000 00489nam a2200181Ia 4500
005 20250606120443.0
008 008 250516s9999 xx 000 0 eng d
020 _a9781032372624
040 _beng
_cSDCL
041 _aeng
_2eng
084 _aX:(B28) R4
100 _aGarn, Wolfgang
_9752004
245 0 _aData analytics for business :
_bAI-ML-PBI-SQL-R
260 _aLondon :
_bRoutledge,
_c2024.
300 _axii, 270p.
650 _aOperational Research
942 _cTEXL
_2CC
999 _c1429786
_d1429786